000 00497nam a2200193 a 4500
001 1768117515822
003 YourLibrary
005 20260112125814.0
008 260111s2003##################000#0#eng##
020 _a9780761997085
082 0 4 _a302.224
_bKOT
100 1 _aKothari, Brij,
_eauthor.
245 1 0 _aReading Beyond the Alphabet :
260 _bSAGE,
_c2003.
300 _a286 pages
650 0 _aBusiness & Economics.
942 _cENGLISH
040 _aYourLibrary
_beng
_cYourLibrary
999 _c608275
_d608275